All Pokémon in Sword and Shield Pokédex (No DLC) - Statistics

General Stats
  • This quiz has been taken 79 times
  • The average score is 288 of 400
Answer Stats
Hint Answer % Correct
001 Grookey
94%
009 Inteleon
94%
003 Rillaboom
94%
004 Scorbunny
94%
007 Sobble
94%
010 Blipbug
91%
013 Caterpie
91%
008 Drizzile
91%
035 Dubwool
91%
005 Raboot
91%
002 Thwackey
91%
034 Wooloo
91%
015 Butterfree
89%
006 Cinderace
89%
196 Eevee
89%
203 Glaceon
89%
025 Greedent
89%
202 Leafeon
89%
032 Linoone
89%
014 Metapod
89%
033 Obstagoon
89%
012 Orbeetle
89%
194 Pikachu
89%
024 Skwovet
89%
204 Sylveon
89%
201 Umbreon
89%
197 Vaporeon
89%
031 Zigzagoon
89%
380 Charizard
86%
378 Charmander
86%
379 Charmeleon
86%
023 Corviknight
86%
022 Corvisquire
86%
011 Dottler
86%
200 Espeon
86%
199 Flareon
86%
198 Jolteon
86%
044 Purrloin
86%
195 Raichu
86%
021 Rookidee
86%
398 Zacian
86%
399 Zamazenta
86%
205 Applin
83%
071 Arcanine
83%
047 Boltund
83%
042 Chewtle
83%
043 Drednaw
83%
070 Growlithe
83%
145 Gyarados
83%
045 Liepard
83%
144 Magikarp
83%
069 Ninetales
83%
193 Pichu
83%
261 Snorlax
83%
030 Thievul
83%
068 Vulpix
83%
046 Yamper
83%
186 Alcremie
80%
207 Appletun
80%
397 Dragapult
80%
081 Froslass
80%
122 Gardevoir
80%
080 Glalie
80%
088 Golett
80%
089 Golurk
80%
121 Kirlia
80%
299 Lucario
80%
344 Morpeko
80%
366 Mr. Rime
80%
029 Nickit
80%
333 Ponyta
80%
298 Riolu
80%
079 Snorunt
80%
096 Snover
80%
311 Toxtricity
80%
327 Yamask
80%
097 Abomasnow
77%
377 Arctovish
77%
375 Arctozolt
77%
180 Arrokuda
77%
181 Barraskewda
77%
160 Centiskorch
77%
163 Coalossal
77%
329 Cofagrigus
77%
309 Cramorant
77%
386 Deino
77%
376 Dracovish
77%
374 Dracozolt
77%
395 Dreepy
77%
127 Eldegoss
77%
066 Electrike
77%
400 Eternatus
77%
065 Galvantula
77%
126 Gossifleur
77%
192 Gourgeist
77%
393 Hakamo-o
77%
243 Hatterene
77%
019 Hoothoot
77%
388 Hydreigon
77%
337 Indeedee
77%
392 Jangmo-o
77%
064 Joltik
77%
250 Koffing
77%
361 Lapras
77%
036 Lotad
77%
067 Manectric
77%
182 Meowth
77%
185 Milcery
77%
365 Mr. Mime
77%
260 Munchlax
77%
020 Noctowl
77%
026 Pidove
77%
191 Pumpkaboo
77%
120 Ralts
77%
334 Rapidash
77%
328 Runerigus
77%
039 Seedot
77%
310 Toxel
77%
027 Tranquill
77%
028 Unfezant
77%
018 Vikavolt
77%
251 Weezing
77%
324 Axew
74%
169 Boldore
74%
017 Charjabug
74%
303 Copperajah
74%
222 Croagunk
74%
087 Crustle
74%
049 Diggersby
74%
164 Diglett
74%
286 Drapion
74%
165 Dugtrio
74%
086 Dwebble
74%
345 Falinks
74%
218 Farfetch’d
74%
152 Feebas
74%
206 Flapple
74%
123 Gallade
74%
141 Gastly
74%
143 Gengar
74%
170 Gigalith
74%
391 Goodra
74%
389 Goomy
74%
016 Grubbin
74%
142 Haunter
74%
326 Haxorus
74%
109 Hitmonchan
74%
108 Hitmonlee
74%
110 Hitmontop
74%
238 Impidimp
74%
099 Kingler
74%
098 Krabby
74%
037 Lombre
74%
038 Ludicolo
74%
140 Machamp
74%
139 Machoke
74%
138 Machop
74%
084 Mudbray
74%
085 Mudsdale
74%
040 Nuzleaf
74%
111 Pancham
74%
112 Pangoro
74%
063 Pelipper
74%
183 Perrserker
74%
184 Persian
74%
384 Pupitar
74%
266 Rhyperior
74%
168 Roggenrola
74%
161 Rolycoly
74%
225 Scrafty
74%
224 Scraggy
74%
041 Shiftry
74%
219 Sirfetch’d
74%
159 Sizzlipede
74%
292 Sneasel
74%
223 Toxicroak
74%
385 Tyranitar
74%
073 Vanillish
74%
072 Vanillite
74%
074 Vanilluxe
74%
356 Wailmer
74%
357 Wailord
74%
062 Wingull
74%
387 Zweilous
74%
154 Basculin
71%
280 Beartic
71%
058 Bellossom
71%
052 Bounsweet
71%
048 Bunnelby
71%
162 Carkol
71%
051 Cinccino
71%
351 Clobbopus
71%
279 Cubchoo
71%
302 Cufant
71%
237 Cursola
71%
368 Darmanitan
71%
396 Drakloak
71%
166 Drilbur
71%
370 Eiscue
71%
208 Espurr
71%
167 Excadrill
71%
189 Ferroseed
71%
190 Ferrothorn
71%
325 Fraxure
71%
352 Grapploct
71%
241 Hatenna
71%
242 Hattrem
71%
394 Kommo-o
71%
383 Larvitar
71%
287 Litwick
71%
355 Mantine
71%
153 Milotic
71%
364 Mime Jr.
71%
050 Minccino
71%
055 Oddish
71%
133 Palpitoad
71%
353 Pincurchin
71%
265 Rhydon
71%
264 Rhyhorn
71%
060 Roselia
71%
313 Sandaconda
71%
134 Seismitoad
71%
312 Silicobra
71%
285 Skorupi
71%
390 Sliggoo
71%
053 Steenee
71%
226 Stunfisk
71%
107 Tyrogue
71%
293 Weavile
71%
155 Wishiwashi
71%
359 Avalugg
69%
228 Barboach
69%
358 Bergmite
69%
095 Bewear
69%
059 Budew
69%
288 Chandelure
69%
173 Conkeldurr
69%
236 Corsola
69%
262 Cottonee
69%
367 Darumaka
69%
360 Dhelmise
69%
346 Drampa
69%
371 Duraludon
69%
136 Dusclops
69%
137 Dusknoir
69%
135 Duskull
69%
056 Gloom
69%
240 Grimmsnarl
69%
172 Gurrdurr
69%
290 Inkay
69%
288 Lampent
69%
291 Malamar
69%
354 Mantyke
69%
296 Maractus
69%
239 Morgrem
69%
149 Octillery
69%
338 Phantump
69%
148 Remoraid
69%
061 Roserade
69%
295 Sableye
69%
369 Stonjourner
69%
094 Stufful
69%
175 Swoobat
69%
171 Timburr
69%
259 Togekiss
69%
308 Toxapex
69%
339 Trevenant
69%
157 Trubbish
69%
054 Tsareena
69%
347 Turtonator
69%
132 Tympole
69%
381 Type: Null
69%
057 Vileplume
69%
263 Whimsicott
69%
229 Whiscash
69%
217 Wobbuffet
69%
174 Woobat
69%
216 Wynaut
69%
332 Aegislash
66%
278 Beheeyem
66%
256 Clefable
66%
255 Clefairy
66%
254 Cleffa
66%
116 Combee
66%
102 Corphish
66%
187 Cutiefly
66%
277 Elgyem
66%
333 Flygon
66%
231 Gastrodon
66%
146 Goldeen
66%
114 Klang
66%
113 Klink
66%
115 Klinklang
66%
307 Mareanie
66%
209 Meowstic
66%
090 Munna
66%
091 Musharna
66%
105 Ninjask
66%
178 Onix
66%
336 Polteageist
66%
101 Quagsire
66%
147 Seaking
66%
106 Shedinja
66%
230 Shellos
66%
382 Silvally
66%
335 Sinistea
66%
349 Snom
66%
179 Steelix
66%
257 Togepi
66%
258 Togetic
66%
321 Trapinch
66%
322 Vibrava
66%
100 Wooper
66%
276 Accelgor
63%
213 Aromatisse
63%
247 Bisharp
63%
282 Braviary
63%
128 Cherubi
63%
151 Cloyster
63%
078 Delibird
63%
373 Ditto
63%
331 Doublade
63%
125 Drifblim
63%
124 Drifloon
63%
271 Duosion
63%
274 Escavalier
63%
305 Frillish
63%
350 Frosmoth
63%
158 Garbodor
63%
269 Gothitelle
63%
320 Hawlucha
63%
330 Honedge
63%
306 Jellicent
63%
273 Karrablast
63%
077 Mamoswine
63%
294 Mawile
63%
340 Morelull
63%
104 Nincada
63%
246 Pawniard
63%
076 Piloswine
63%
156 Pyukumuku
63%
272 Reuniclus
63%
188 Ribombee
63%
281 Rufflet
63%
249 Sawk
63%
150 Shellder
63%
275 Shelmet
63%
341 Shiinotic
63%
131 Skuntank
63%
211 Slurpuff
63%
270 Solosis
63%
212 Spritzee
63%
130 Stunky
63%
075 Swinub
63%
210 Swirlix
63%
248 Throh
63%
300 Torkoal
63%
117 Vespiquen
63%
129 Cherrim
60%
103 Crawdaunt
60%
267 Gothita
60%
268 Gothorita
60%
317 Heatmor
60%
319 Heliolisk
60%
318 Helioptile
60%
314 Hippopotas
60%
315 Hippowdon
60%
221 Lanturn
60%
176 Noibat
60%
342 Oranguru
60%
372 Rotom
60%
297 Sigilyph
60%
363 Solrock
60%
348 Togedemaru
60%
082 Baltoy
57%
235 Barbaracle
57%
234 Binacle
57%
220 Chinchou
57%
083 Claydol
57%
233 Golisopod
57%
362 Lunatone
57%
284 Mandibuzz
57%
177 Noivern
57%
343 Passimian
57%
244 Salandit
57%
245 Salazzle
57%
227 Shuckle
57%
232 Wimpod
57%
252 Bonsly
54%
119 Bronzong
54%
118 Bronzor
54%
214 Dewpider
54%
316 Durant
54%
301 Mimikyu
54%
092 Natu
54%
304 Qwilfish
54%
253 Sudowoodo
54%
283 Vullaby
54%
093 Xatu
54%
215 Araquanid
51%
No matching quizzes found
Score Distribution
Percent of People with Each Score
Percentile by Number Answered
Your Score History
You have not taken this quiz